Statistics for Countries of the Bible

Click here to take the quiz!

General Stats

  • This quiz has been taken 589 times
    (584 since last reset)
  • The average score is 14 of 17

Answer Stats

#Country% Correct
48Israel
99%
21Egypt
96%
1Iran
92%
5Italy
92%
10Iraq
91%
18Greece
90%
16Jordan
90%
29Turkey
90%
18Syria
87%
13Lebanon
84%
5Saudi Arabia
80%
2Cyprus
73%
1Libya
73%
3Yemen
68%
1Sudan
60%
1Armenia
59%
1Malta
58%

Score Distribution

Percentile by Number Answered

Percent of People with Each Score

Your Score History

You have not taken this quiz since the last reset